| 000 | 00394nam a22001577a 4500 | ||
|---|---|---|---|
| 003 | MACL | ||
| 005 | 20151121143724.0 | ||
| 008 | 151121b xxu||||| |||| 00| 0 eng d | ||
| 040 | _cMACL | ||
| 041 | _aEnglish | ||
| 082 | _a792 | ||
| 100 |
_aDeshpande,Anirudh _917766 |
||
| 245 | _aClass Power and Consciousness In Indian Cinema and Television | ||
| 650 |
_aCinema _97620 |
||
| 942 |
_2ddc _cBK |
||
| 999 |
_c50836 _d50836 |
||